<?xml version="1.0" encoding="UTF-8"?>
<record
    xmlns:xsi="http://www.w3.org/2001/XMLSchema-instance"
    xsi:schemaLocation="http://www.loc.gov/MARC21/slim http://www.loc.gov/standards/marcxml/schema/MARC21slim.xsd"
    xmlns="http://www.loc.gov/MARC21/slim">

  <leader>00336    a2200109   4500</leader>
  <controlfield tag="001">ART_17848</controlfield>
  <controlfield tag="005">20260410161701.0</controlfield>
  <controlfield tag="008">260409a                                 </controlfield>
  <datafield tag="245" ind1="1" ind2="0">
    <subfield code="a">Autonomia monetria, heteronim&#xED;a monetaria y dinero pasivo</subfield>
  </datafield>
  <datafield tag="100" ind1="1" ind2=" ">
    <subfield code="a">Olivera, Julio H.G.</subfield>
  </datafield>
  <datafield tag="773" ind1="0" ind2=" ">
    <subfield code="t">Ensayos Econ&#xF3;micos</subfield>
    <subfield code="g">- N&#xBA; 13 (mar. 1980)</subfield>
    <subfield code="w">REV620</subfield>
  </datafield>
  <datafield tag="999" ind1=" " ind2=" ">
    <subfield code="c">15149</subfield>
    <subfield code="d">15149</subfield>
  </datafield>
</record>
